000 01101nam a2200277 i 4500
001 20205
003 ES-MaACL
005 20250731063023.0
007 t|
008 021108s1875 sp ||||1| spa d
080 _a663.64
080 _a615.838
245 0 0 _aAguas minero-medicinales de La Isabela (Sacedón) :
_bsalinas terminales
246 1 _aBaños de La Isabela
260 _aMadrid :
_b[s.n.],
_c1875
_f(Imp. de M. Minuesa)
300 _a20 páginas ;
_c20 cm
530 _aDisponible en formato digital
610 2 4 _aLa Isabela (Guadalajara)
_9144694
650 4 _aAguas minerales-
_zSacedón (Guadalajara)
_9135529
650 4 _aFuentes termales-
_zGuadalajara (Provincia)
_9172335
852 4 _aES-MaACL
_cDEPOF
_gDed. ms. de José Vélez Sánchez a la Biblioteca de Los Escolares Médicos
_hDonativo de Sociedad de Los Escolares Médicos
_jT-427-F-1
856 4 _uhttp://bdh-rd.bne.es/viewer.vm?id=0000107311&page=1
_yVersión en línea
_z(Biblioteca Digital Hispánica)
942 _2udc
_cFOLLETOS
_n0
999 _c20205
_d20205